Princípy trhovej ekonomiky

Recenzia publikácie škandinávskych autorov A.J. Isachsena, C.B. Hamiltona a T. Gylfasona: Princípy trhovej ekonomiky, vydanej vydavateľstvom OPEN WINDOWS v r. 1994. Cieľom knihy je vysvetliť fungovanie trhového hospodárstva a prispieť k pochopeniu trhovej ekonomiky.

Salvato in:
Dettagli Bibliografici
Autore principale: Gonda, Vladimír
Natura: Capitolo di libro
Lingua:slovacco
Soggetti:
Tags: Aggiungi Tag
Nessun Tag, puoi essere il primo ad aggiungerne!!

MARC

LEADER 00000naa a2200000 4500
001 r020043
005 20221213113253.5
041 0 |a slo 
044 |a SK 
245 1 0 |a Princípy trhovej ekonomiky  |c Vladimír Gonda 
520 |a Recenzia publikácie škandinávskych autorov A.J. Isachsena, C.B. Hamiltona a T. Gylfasona: Princípy trhovej ekonomiky, vydanej vydavateľstvom OPEN WINDOWS v r. 1994. Cieľom knihy je vysvetliť fungovanie trhového hospodárstva a prispieť k pochopeniu trhovej ekonomiky. 
610 2 0 |a hospodárstvo trhové 
610 2 0 |a recenzie 
610 2 0 |a Isachsen, A.J. 
610 2 0 |a Hamilton, C.B. 
610 2 0 |a Gylfason, T. 
100 1 |a Gonda, Vladimír